000
00250nam a2200097Ia 4500
001
1043154
005
20250826232116.0
008
250824s9999 xx 000 0 und d
245
0
_a
KORKU DUVARINI YIKMAK
_c
MUSTAFA ARMAĞAN
260
_b
KETEBE YAYINLARI
999
_c
1043154
_d
1043154